000 00500nam a22001817a 4500
003 MPLRDC
005 20220104142934.0
008 210129b ||||| |||| 00| 0 eng d
020 _a7-5039-0709-6
082 _a177 QNCK v.2
100 _a中国青年报社青年参考精华本编委会编
245 _a我们拥有的世界: 青年参考精华本第二辑
_c
250 _a一版一刷
260 _a
_b文化艺术出版社
_c1990
300 _b
650 _a
942 _cBK
_o177 QNCK v.2
999 _c35074
_d35064